Reinforcement of epoxidized natural rubber by carbon black: Effect of surface oxidation of carbon black particles (Record no. 66638)

MARC details
000 -LEADER
fixed length control field 00434nam a2200133Ia 4500
100 ## - MAIN ENTRY--AUTHOR NAME
Personal name Roychoudhury A
245 #0 - TITLE STATEMENT
Title Reinforcement of epoxidized natural rubber by carbon black: Effect of surface oxidation of carbon black particles
260 ## - PUBLICATION, DISTRIBUTION, ETC. (IMPRINT)
Name of publisher Journal of Applied Polymer Science
Year of publication 1993
300 ## - PHYSICAL DESCRIPTION
Number of Pages 181-186
650 ## - SUBJECT ADDED ENTRY--TOPICAL TERM
Topical Term Epoxidized natural rubber
700 ## - ADDED ENTRY--PERSONAL NAME
Personal name De P P
942 ## - ADDED ENTRY ELEMENTS (KOHA)
Koha item type Journals
Holdings
Withdrawn status Lost status Damaged status Not for loan Home library Current library Shelving location Date acquired Serial Enumeration / chronology Koha item type
      Journals RRII Library RRII Library Rubber chemistry 17/12/2021 Volume 50, Issue 1 Journals